Germans in the Top 100 ATP/WTA Rankings - Statistics

General Stats
  • This quiz has been taken 119 times
    16 since last reset
  • The average score is 3 of 5
Answer Stats
ATP/WTA # Birthplace Player % Correct
ATP 3 Hamburg Alexander Zverev
100%
ATP 56 Kempen Daniel Altmaier
50%
WTA 59 Kyiv (Ukraine) Eva Lys
44%
WTA 52 Filderstadt Laura Siegemund
44%
WTA 42 Bad Saulgau Tatjana Maria
44%
No matching quizzes found
Score Distribution
Percent of People with Each Score
Percentile by Number Answered
Your Score History
You have not taken this quiz since the last reset